| 000 | 00630nam a2200205 a 4500 | ||
|---|---|---|---|
| 005 | 20210223120656.0 | ||
| 008 | 991125s1990 mx 000 0 spa u | ||
| 020 | _a9683305286 | ||
| 035 | _aUPN01000005212 | ||
| 049 | _aC | ||
| 050 | 4 |
_aQ163 _bM564 no.2 |
|
| 245 | 0 | 0 | _aAviones, automóviles, barcos y submarinos. |
| 260 |
_aMéxico : _bGrolier, _c1990. |
||
| 300 |
_a220 p. : _bil. |
||
| 440 | 0 |
_aMis primeros conocimientos ; _v2 |
|
| 534 |
_pTraducción de: _tAirplanes -- Automóbies -- Boats and submarines |
||
| 650 | 4 |
_aTECNOLOGIA - _vDICCIONARIOS _914046 |
|
| 650 | 4 |
_aTRANSPORTES AUTOMOTORES - _xHISTORIA |
|
| 905 | _aLibro | ||
| 999 |
_c5212 _d5212 |
||